Mi planta de naranja-lima
Gardado en:
| Autor Principal: | |
|---|---|
| Formato: | Libro |
| Idioma: | Lingua castelá |
| Publicado: |
Buenos Aires
Ateneo
1997
|
| Edición: | 29a. ed |
| Subjects: | |
| Tags: |
Engadir etiqueta
Sen Etiquetas, Sexa o primeiro en etiquetar este rexistro!
|
MARC
| LEADER | 00000nam a2200000 a 4500 | ||
|---|---|---|---|
| 001 | UCH6693 | ||
| 003 | CL-VaPUC | ||
| 008 | 091109e19970000AG |||||||||||||||||spa|d | ||
| 020 | |a 950028359X | ||
| 082 | 0 | 4 | |a B869.3 |b VAS |2 21 |
| 100 | 0 | |a Vasconcelos, José Mauro de |e author |9 543329 | |
| 245 | 1 | 0 | |a Mi planta de naranja-lima |
| 250 | |a 29a. ed | ||
| 300 | |a 194 p | ||
| 942 | |c BK | ||
| 945 | |d 20091109 00:00:00 |a lazolas | ||
| 260 | |a Buenos Aires |b Ateneo |c 1997 | ||
| 650 | 0 | |a Novelas brasileñas |9 342652 | |
| 583 | |a last modification |c 20091109 00:00:00 |k Rodrigo Vera | ||
| 999 | |c 337533 |d 337531 | ||